[Event "España ch Sub-16 2008"]
[Site "Padron ESP"]
[Date "2008.07.24"]
[Round "8.36"]
[White "Sevilla Subiza, Javier"]
[Black "Lopez Garrido, Daniel"]
[Result "1-0"]
[WhiteElo "1830"]
[BlackElo "1953"]
[PlyCount "79"]
[EventDate "2008.07.20"]
[EventType "swiss"]
[EventRounds "9"]
[EventCountry "ESP"]
[Source "lmi"]
[SourceDate "2008.07.20"]

1. d4 b5 2. e4 Bb7 3. Bd3 e6 4. Nf3 a6 5. O-O Nf6 6. Bg5 Be7 7. Nbd2 O-O 8. c3
h6 9. Bh4 d6 10. Qc2 Nbd7 11. a4 bxa4 12. Rxa4 Nb6 13. Ra2 c5 14. Bxf6 Bxf6 15.
dxc5 dxc5 16. e5 Be7 17. c4 Qc7 18. Be4 Nd7 19. Rfa1 Ra7 20. Bxb7 Qxb7 21. Nb3
Nb8 22. Na5 Qc8 23. Qa4 Bd8 24. Nd2 Bxa5 25. Qxa5 Qc7 26. Qxc7 Rxc7 27. Ne4 f6
28. exf6 gxf6 29. Ra5 f5 30. Nxc5 Kf7 31. b3 Rd8 32. Nxa6 Nxa6 33. Rxa6 Rb7 34.
Ra7 Rxa7 35. Rxa7+ Kf6 36. Kf1 Rb8 37. Ra3 Ke5 38. Ra5+ Kd4 39. Rb5 Ra8 40. Ke2
1-0

[Event "España ch Sub-16 2008"]
[Site "Padron ESP"]
[Date "2008.07.24"]
[Round "8.37"]
[White "Navarro Molina, David"]
[Black "Colom Sienes, Eduardo"]
[Result "0-1"]
[WhiteElo "1723"]
[BlackElo "1950"]
[PlyCount "40"]
[EventDate "2008.07.20"]
[EventType "swiss"]
[EventRounds "9"]
[EventCountry "ESP"]
[Source "lmi"]
[SourceDate "2008.07.20"]

1. d4 e6 2. c4 b6 3. Nf3 Bb7 4. e3 Nf6 5. Bd3 d5 6. O-O Bd6 7. Nc3 dxc4 8. Bxc4
Nbd7 9. Re1 g5 10. d5 g4 11. dxe6 gxf3 12. exf7+ Kf8 13. e4 Ng4 14. Qxf3 Bxh2+
15. Kf1 Nde5 16. Qh3 Qf6 17. f3 Nxc4 18. Qxg4 Ba6 19. Kf2 Ne5 20. Qh5 Nd3+ 0-1

[Event "España ch Sub-16 2008"]
[Site "Padron ESP"]
[Date "2008.07.24"]
[Round "8.38"]
[White "Aguirre Alvarez, Marina"]
[Black "Suarez Calvo, Alexandra"]
[Result "0-1"]
[WhiteElo "1636"]
[BlackElo "2037"]
[PlyCount "54"]
[EventDate "2008.07.20"]
[EventType "swiss"]
[EventRounds "9"]
[EventCountry "ESP"]
[Source "lmi"]
[SourceDate "2008.07.20"]

1. e4 e6 2. d4 d5 3. Nc3 Nf6 4. e5 Nfd7 5. f4 c5 6. Nf3 Nc6 7. Be3 Be7 8. Be2
O-O 9. h4 cxd4 10. Nxd4 Qb6 11. a3 a6 12. Nf5 Bc5 13. Bxc5 Nxc5 14. b4 Nd7 15.
Nd6 Qe3 16. Qd3 Qxf4 17. b5 Ncxe5 18. Qd2 Qxd2+ 19. Kxd2 Nc5 20. bxa6 bxa6 21.
g4 Rd8 22. Nxc8 Raxc8 23. g5 d4 24. Nd1 Ne4+ 25. Ke1 Rxc2 26. Bxa6 Nf3+ 27. Kf1
Ng3# 0-1

[Event "España ch Sub-16 2008"]
[Site "Padron ESP"]
[Date "2008.07.24"]
[Round "8.39"]
[White "Sacristan Latorre, Alberto"]
[Black "Tejedor Ariza, Francisco"]
[Result "0-1"]
[WhiteElo "1870"]
[BlackElo "2010"]
[PlyCount "86"]
[EventDate "2008.07.20"]
[EventType "swiss"]
[EventRounds "9"]
[EventCountry "ESP"]
[Source "lmi"]
[SourceDate "2008.07.20"]

1. e4 c5 2. Nf3 e6 3. d4 cxd4 4. Nxd4 Nf6 5. Nc3 Bb4 6. e5 Nd5 7. Bd2 Nxc3 8.
bxc3 Be7 9. Bd3 Nc6 10. f4 d6 11. exd6 Bxd6 12. O-O Bc5 13. Be3 a6 14. Be4 Qc7
15. Kh1 Be7 16. Nxc6 bxc6 17. Bd4 Bf6 18. Qf3 Bd7 19. Bxf6 gxf6 20. f5 e5 21.
Rfd1 Rb8 22. Rd2 Ke7 23. Rad1 Rhd8 24. c4 Be8 25. Qa3+ c5 26. Rxd8 Rxd8 27.
Rxd8 Qxd8 28. Qxc5+ Qd6 29. Qxd6+ Kxd6 30. c3 Bc6 31. Bc2 Kc5 32. Bb3 Be4 33.
Kg1 Bxf5 34. Kf2 Be6 35. Ke3 Bxc4 36. Ke4 Be6 37. h3 a5 38. g4 Kb5 39. Ke3 a4
40. Bxe6 fxe6 41. Kd3 Kc5 42. h4 h6 43. a3 e4+ 0-1

[Event "España ch Sub-16 2008"]
[Site "Padron ESP"]
[Date "2008.07.24"]
[Round "8.40"]
[White "Conejero Sanchez, Alvaro"]
[Black "Anaya Lopez, Gonzalo Javier"]
[Result "1/2-1/2"]
[WhiteElo "1975"]
[BlackElo "1851"]
[PlyCount "53"]
[EventDate "2008.07.20"]
[EventType "swiss"]
[EventRounds "9"]
[EventCountry "ESP"]
[Source "lmi"]
[SourceDate "2008.07.20"]

1. e4 e6 2. d4 d5 3. Nc3 Nf6 4. e5 Nfd7 5. f4 c5 6. Nf3 Nc6 7. Be3 cxd4 8. Nxd4
Bc5 9. Qd2 a6 10. Be2 Nxd4 11. Bxd4 Bxd4 12. Qxd4 Qb6 13. O-O-O Qxd4 14. Rxd4
O-O 15. g4 f6 16. exf6 Nxf6 17. g5 Ne8 18. Bg4 Nc7 19. Re1 Bd7 20. f5 exf5 21.
Bf3 Bc6 22. Re7 Rf7 23. Re5 Rd8 24. Nxd5 Bxd5 25. Bxd5 Nxd5 26. Rdxd5 Rxd5 27.
Rxd5 1/2-1/2

[Event "España ch Sub-16 2008"]
[Site "Padron ESP"]
[Date "2008.07.24"]
[Round "8.41"]
[White "Jimenez Fernandez, Alejandro"]
[Black "Molinero Gomez, Sandra"]
[Result "1/2-1/2"]
[WhiteElo "1971"]
[BlackElo "1849"]
[PlyCount "48"]
[EventDate "2008.07.20"]
[EventType "swiss"]
[EventRounds "9"]
[EventCountry "ESP"]
[Source "lmi"]
[SourceDate "2008.07.20"]

1. d4 Nf6 2. c4 g6 3. Nc3 Bg7 4. e4 d6 5. Nf3 O-O 6. Be2 Na6 7. Bg5 Qe8 8. O-O
e5 9. d5 Nh5 10. Nd2 Nf4 11. Rb1 f5 12. f3 h6 13. Bh4 g5 14. Bf2 h5 15. b4 Qg6
16. c5 g4 17. Kh1 Bh6 18. Rg1 Nxe2 19. Qxe2 Bxd2 20. Qxd2 f4 21. cxd6 cxd6 22.
Bh4 Rf7 23. Na4 Bd7 24. b5 Nc5 1/2-1/2

[Event "España ch Sub-16 2008"]
[Site "Padron ESP"]
[Date "2008.07.24"]
[Round "8.42"]
[White "Salido Polo, Veronica"]
[Black "Aranaz Murillo, Amalia"]
[Result "0-1"]
[WhiteElo "1835"]
[BlackElo "1959"]
[PlyCount "68"]
[EventDate "2008.07.20"]
[EventType "swiss"]
[EventRounds "9"]
[EventCountry "ESP"]
[Source "lmi"]
[SourceDate "2008.07.20"]

1. e4 c6 2. d4 d5 3. Nc3 dxe4 4. Nxe4 Bf5 5. Ng3 Bg6 6. Nf3 Nd7 7. h4 h6 8. h5
Bh7 9. Bd3 Bxd3 10. Qxd3 e6 11. Bf4 Qa5+ 12. Bd2 Bb4 13. c3 Be7 14. Ne4 Ngf6
15. c4 Qc7 16. g3 Rd8 17. O-O-O O-O 18. Bf4 Qa5 19. Kb1 Nxe4 20. Qxe4 Nf6 21.
Qc2 b5 22. Ne5 Qa6 23. g4 bxc4 24. g5 hxg5 25. Bxg5 Nd5 26. Bxe7 Nxe7 27. Rdg1
Nf5 28. h6 g6 29. Qe2 Qc8 30. Ng4 Qc7 31. Rh5 gxh5 32. Nf6+ Kh8 33. Qxh5 Qf4
34. h7 Ng7 0-1

[Event "España ch Sub-16 2008"]
[Site "Padron ESP"]
[Date "2008.07.24"]
[Round "8.43"]
[White "Lorenzo Serrano, Henar"]
[Black "Otero Nogueira, Brais"]
[Result "0-1"]
[WhiteElo "1745"]
[BlackElo "1917"]
[PlyCount "62"]
[EventDate "2008.07.20"]
[EventType "swiss"]
[EventRounds "9"]
[EventCountry "ESP"]
[Source "lmi"]
[SourceDate "2008.07.20"]

1. e4 c5 2. Nf3 d6 3. d4 cxd4 4. Nxd4 Nf6 5. Nc3 g6 6. f4 Nc6 7. Be3 Bg7 8. Be2
O-O 9. Qd2 Ng4 10. Bxg4 Bxg4 11. h3 Bd7 12. g4 Rc8 13. O-O-O Na5 14. Rhe1 Nc4
15. Qf2 Qa5 16. Nb3 Qb4 17. Nd5 Bxb2+ 18. Kb1 Qa4 19. Nxe7+ Kg7 20. Nxc8 Rxc8
21. Bd4+ Bxd4 22. Qxd4+ Kg8 23. Re2 Qb5 24. Rf2 a5 25. f5 a4 26. fxg6 hxg6 27.
Qf6 Be6 28. h4 axb3 29. axb3 Na3+ 30. Kb2 Rxc2+ 31. Ka1 Qxb3 0-1

[Event "España ch Sub-16 2008"]
[Site "Padron ESP"]
[Date "2008.07.24"]
[Round "8.44"]
[White "Eguia Cambero, Ignacio"]
[Black "Alonso Caamano, Ruben"]
[Result "1/2-1/2"]
[WhiteElo "1915"]
[BlackElo "1832"]
[PlyCount "102"]
[EventDate "2008.07.20"]
[EventType "swiss"]
[EventRounds "9"]
[EventCountry "ESP"]
[Source "lmi"]
[SourceDate "2008.07.20"]

1. e4 c5 2. Nf3 Nc6 3. d4 cxd4 4. Nxd4 e5 5. Nb5 d6 6. N1c3 a6 7. Na3 b5 8. Nd5
Nf6 9. Bg5 Be7 10. Bxf6 Bxf6 11. c3 O-O 12. Nc2 Bg5 13. a4 bxa4 14. Rxa4 a5 15.
Bc4 Rb8 16. b3 Kh8 17. O-O f5 18. exf5 Bxf5 19. Nce3 Be6 20. Qe2 Qd7 21. Rfa1
Qf7 22. Rd1 g6 23. Ra3 Bh4 24. Rf1 Bg5 25. Rd1 Bh4 26. Ra2 Bg5 27. Rad2 Rfd8
28. Ra2 Rf8 29. Nc2 Rfd8 30. Na3 Na7 31. Nc2 Nc6 32. Nce3 Rf8 33. Rb2 Rfc8 34.
Ba6 Rd8 35. Bc4 Rdc8 36. Nc2 Ne7 37. Nxe7 Bxe7 38. Bxe6 Qxe6 39. c4 a4 40. Ne3
Rxb3 41. Rxb3 axb3 42. Qb2 Rb8 43. Rd3 Bg5 44. Rxb3 Rxb3 45. Qxb3 Bxe3 46. fxe3
Qd7 47. Kf2 Kg7 48. Ke2 h5 49. Qd3 Qe6 50. h3 Kf6 51. e4 Ke7 1/2-1/2

[Event "España ch Sub-16 2008"]
[Site "Padron ESP"]
[Date "2008.07.24"]
[Round "8.45"]
[White "Porras Mateo, Alejandra"]
[Black "Coll Ortega, Cristina"]
[Result "1-0"]
[WhiteElo "1905"]
[BlackElo "1775"]
[PlyCount "149"]
[EventDate "2008.07.20"]
[EventType "swiss"]
[EventRounds "9"]
[EventCountry "ESP"]
[Source "lmi"]
[SourceDate "2008.07.20"]

1. e4 d5 2. Nc3 dxe4 3. Nxe4 Qd5 4. Ng3 Nf6 5. Nf3 Bg4 6. Be2 c6 7. h3 Bxf3 8.
Bxf3 Qd6 9. d4 Nbd7 10. O-O e6 11. b3 Qc7 12. Bb2 Bd6 13. Ne2 O-O 14. c4 c5 15.
Qc2 cxd4 16. Nxd4 a6 17. Rad1 Ne5 18. Rfe1 Nxf3+ 19. Nxf3 Be7 20. Ng5 h6 21.
Be5 Qc5 22. Nf3 Rac8 23. Bd4 Qc7 24. Ne5 Rfd8 25. Qc1 Bc5 26. Bc3 Qb6 27. Qf4
Bb4 28. Bxb4 Qxb4 29. Qf3 Qb6 30. Re3 Rxd1+ 31. Qxd1 Rd8 32. Rd3 Rxd3 33. Qxd3
Qc7 34. Qd4 Kf8 35. a3 Ke7 36. b4 b6 37. a4 Ne8 38. b5 axb5 39. cxb5 Qd6 40.
Nc6+ Kf8 41. Qxb6 Qd1+ 42. Kh2 Qxa4 43. Qc5+ Kg8 44. g3 Qa8 45. b6 Nf6 46. Na5
Nd7 47. b7 Qf8 48. Qxf8+ Kxf8 49. Nc6 f6 50. Kg2 e5 51. b8=Q+ Nxb8 52. Nxb8 Ke7
53. g4 g6 54. Kf3 Ke6 55. Nc6 f5 56. gxf5+ gxf5 57. Ke3 Kd5 58. Nb4+ Kc4 59.
Nd3 Kd5 60. f4 exf4+ 61. Nxf4+ Ke5 62. Nh5 f4+ 63. Nxf4 Kf5 64. Kf3 Kg5 65. Kg3
Kf5 66. h4 Kf6 67. Kg4 Kg7 68. Kh5 Kh7 69. Ne6 Kg8 70. Kxh6 Kh8 71. Kg6 Kg8 72.
Ng5 Kh8 73. Nf7+ Kg8 74. h5 Kf8 75. h6 1-0

[Event "España ch Sub-16 2008"]
[Site "Padron ESP"]
[Date "2008.07.24"]
[Round "8.46"]
[White "Pedreira Giralda, Francisco"]
[Black "Perez Cuadrado Robles, Alejandro"]
[Result "0-1"]
[WhiteElo "1608"]
[BlackElo "1885"]
[PlyCount "84"]
[EventDate "2008.07.20"]
[EventType "swiss"]
[EventRounds "9"]
[EventCountry "ESP"]
[Source "lmi"]
[SourceDate "2008.07.20"]

1. Nf3 d5 2. g3 c5 3. Bg2 Nc6 4. O-O e5 5. d3 Be6 6. Ng5 Nf6 7. Nxe6 fxe6 8. c4
Be7 9. Qb3 O-O 10. Bg5 Nd4 11. Qd1 dxc4 12. dxc4 Qb6 13. b3 Rad8 14. e3 Nc6 15.
Qe2 Qb4 16. Rc1 h6 17. Bxf6 Bxf6 18. Nc3 e4 19. Nxe4 Bxa1 20. Rxa1 Ne5 21. f4
Nd7 22. Rd1 Qa5 23. Qg4 Nf6 24. Nxf6+ Rxf6 25. Rxd8+ Qxd8 26. Qe2 Rf7 27. Bh3
Re7 28. e4 Kf8 29. Kf2 Rd7 30. Ke3 Rd1 31. Bxe6 Qd4+ 32. Kf3 h5 33. f5 Rd2 34.
Qe1 Rd3+ 35. Kf4 Qf6 36. e5 Qh6+ 37. Ke4 Rd4+ 38. Kf3 Qg5 39. h3 Rd3+ 40. Kg2
h4 41. g4 Qf4 42. Qf1 Rd2+ 0-1

[Event "España ch Sub-16 2008"]
[Site "Padron ESP"]
[Date "2008.07.24"]
[Round "8.47"]
[White "Martinez Vecillas, Javier"]
[Black "Castellanos Mendoza, David"]
[Result "0-1"]
[WhiteElo "1851"]
[BlackElo "2073"]
[PlyCount "36"]
[EventDate "2008.07.20"]
[EventType "swiss"]
[EventRounds "9"]
[EventCountry "ESP"]
[Source "lmi"]
[SourceDate "2008.07.20"]

1. e4 c5 2. Nf3 Nc6 3. d4 cxd4 4. Nxd4 e5 5. Nb5 a6 6. Nd6+ Bxd6 7. Qxd6 Qf6 8.
Qd1 Qg6 9. Nc3 d5 10. Nxd5 Qxe4+ 11. Be3 Nd4 12. Nc7+ Ke7 13. Nxa8 Nxc2+ 14.
Kd2 Nxe3 15. fxe3 Nf6 16. Qf3 Qb4+ 17. Kc1 Bg4 18. Qg3 Rc8+ 0-1

[Event "España ch Sub-16 2008"]
[Site "Padron ESP"]
[Date "2008.07.24"]
[Round "8.48"]
[White "Pardo Simon, Leticia"]
[Black "Vila Gonzalez, Daniel"]
[Result "1-0"]
[WhiteElo "1809"]
[BlackElo "2039"]
[PlyCount "53"]
[EventDate "2008.07.20"]
[EventType "swiss"]
[EventRounds "9"]
[EventCountry "ESP"]
[Source "lmi"]
[SourceDate "2008.07.20"]

1. e4 c5 2. Nc3 Nc6 3. Bb5 Nd4 4. Bc4 g6 5. Nf3 Bg7 6. Nxd4 cxd4 7. Qf3 Nh6 8.
d3 O-O 9. Ne2 Qb6 10. Qg3 d6 11. h3 Kh8 12. O-O e5 13. f4 f5 14. fxe5 dxe5 15.
Bxh6 Bxh6 16. Qxe5+ Bg7 17. Qb5 Qc7 18. exf5 Bxf5 19. Rae1 Rae8 20. Qb4 a5 21.
Qd2 b6 22. Nf4 Rxe1 23. Qxe1 Qe5 24. Qxe5 Bxe5 25. Nd5 Rb8 26. Ne7 Rf8 27. Nxf5
1-0

[Event "España ch Sub-16 2008"]
[Site "Padron ESP"]
[Date "2008.07.24"]
[Round "8.49"]
[White "Vega Sanchez, Tania"]
[Black "Bujosa Ribas, Joan"]
[Result "0-1"]
[WhiteElo "1807"]
[BlackElo "2012"]
[PlyCount "68"]
[EventDate "2008.07.20"]
[EventType "swiss"]
[EventRounds "9"]
[EventCountry "ESP"]
[Source "lmi"]
[SourceDate "2008.07.20"]

1. e4 d5 2. exd5 Qxd5 3. Nc3 Qa5 4. d4 Nf6 5. Nf3 Bf5 6. Bd2 c6 7. Bc4 e6 8.
Ne4 Qc7 9. Ng3 Bg6 10. O-O Bd6 11. Bb3 O-O 12. Qe2 Nbd7 13. Rfe1 c5 14. Rac1
cxd4 15. Nxd4 a6 16. Bxe6 Rfe8 17. Qd1 fxe6 18. Nxe6 Qc6 19. Nd4 Qb6 20. Nb3
Rxe1+ 21. Qxe1 Re8 22. Qf1 Ne5 23. Bc3 Qc7 24. Qd1 Neg4 25. Qf3 Bxg3 26. hxg3
Ne5 27. Qf4 Nd5 28. Qd4 Nxc3 29. bxc3 Qc4 30. Kh1 Qxd4 31. cxd4 Ng4 32. Kg1 Re2
33. f3 Ne3 34. Kh1 Rxc2 0-1

[Event "España ch Sub-16 2008"]
[Site "Padron ESP"]
[Date "2008.07.24"]
[Round "8.50"]
[White "Rivas Crespo, Alexander"]
[Black "Dosuna Aguilar, Endika"]
[Result "1-0"]
[WhiteElo "1961"]
[BlackElo "1802"]
[PlyCount "129"]
[EventDate "2008.07.20"]
[EventType "swiss"]
[EventRounds "9"]
[EventCountry "ESP"]
[Source "lmi"]
[SourceDate "2008.07.20"]

1. e4 c5 2. Nf3 d6 3. d4 cxd4 4. Nxd4 Nf6 5. Nc3 g6 6. f3 Bg7 7. Be3 Nc6 8. Qd2
O-O 9. O-O-O a6 10. g4 Ne5 11. h4 b5 12. h5 Nc4 13. Bxc4 bxc4 14. Bh6 Qb6 15.
Bxg7 Kxg7 16. Nd5 Nxd5 17. hxg6 fxg6 18. Qh6+ Kf7 19. Qxh7+ Ke8 20. Qxg6+ Kd8
21. exd5 Bd7 22. Qh6 Kc7 23. Ne6+ Bxe6 24. Qxe6 Rae8 25. Qe4 Qb5 26. Rd4 a5 27.
Qe2 Kb7 28. Qxc4 Qxc4 29. Rxc4 Rc8 30. f4 Rg8 31. g5 Rcf8 32. Rh7 Re8 33. Re4
Kb6 34. Rhxe7 Ref8 35. R7e6 Kc5 36. c4 a4 37. Kc2 Rf5 38. g6 Rh5 39. Kc3 Rh3+
40. Re3 Rh4 41. Rf6 Rh1 42. b4+ axb3 43. axb3 Rc1+ 44. Kd3 Rd1+ 45. Ke4 Re8+
46. Re6 Rg8 47. Kf5 Rf8+ 48. Rf6 Rg8 49. Rf7 Rg1 50. Re6 Rh1 51. Kf6 Rg1 52. f5
Rf1 53. g7 Rg1 54. Ke7 R8xg7 55. Rxg7 Rxg7+ 56. Kf8 Rb7 57. f6 Rxb3 58. f7 Kxc4
59. Ke7 Rb7+ 60. Kf6 Rb1 61. f8=Q Rf1+ 62. Ke7 Rxf8 63. Kxf8 Kxd5 64. Ke7 Kc5
65. Rxd6 1-0

[Event "España ch Sub-16 2008"]
[Site "Padron ESP"]
[Date "2008.07.24"]
[Round "8.51"]
[White "Garro Beraza, Julen"]
[Black "Alshameary Puente, Ismael"]
[Result "1/2-1/2"]
[WhiteElo "1793"]
[BlackElo "1951"]
[PlyCount "49"]
[EventDate "2008.07.20"]
[EventType "swiss"]
[EventRounds "9"]
[EventCountry "ESP"]
[Source "lmi"]
[SourceDate "2008.07.20"]

1. e4 c5 2. Nf3 d6 3. d4 cxd4 4. Nxd4 Nf6 5. Nc3 g6 6. Be3 Bg7 7. f3 O-O 8. Bc4
Nc6 9. Qd2 Nd7 10. O-O-O Nb6 11. Bb3 Na5 12. h4 Nbc4 13. Bxc4 Nxc4 14. Qe2 Nxe3
15. Qxe3 b5 16. h5 b4 17. Nce2 Qb6 18. Qg5 Qa6 19. hxg6 hxg6 20. Kb1 e5 21. Nf5
Bxf5 22. exf5 f6 23. Qxg6 Qxe2 24. Qh7+ Kf7 25. Qg6+ 1/2-1/2

[Event "España ch Sub-16 2008"]
[Site "Padron ESP"]
[Date "2008.07.24"]
[Round "8.52"]
[White "Olabe Odriozola, Eduardo"]
[Black "Millan Soto, Miguel"]
[Result "0-1"]
[WhiteElo "1728"]
[BlackElo "1926"]
[PlyCount "62"]
[EventDate "2008.07.20"]
[EventType "swiss"]
[EventRounds "9"]
[EventCountry "ESP"]
[Source "lmi"]
[SourceDate "2008.07.20"]

1. e4 c5 2. Nf3 e6 3. d3 a6 4. Nbd2 b5 5. g3 Bb7 6. Bg2 Nf6 7. O-O d5 8. Qe2
Be7 9. Re1 Nc6 10. h4 Qc7 11. Nf1 d4 12. e5 Nd7 13. Bf4 h6 14. N1h2 O-O-O 15.
c3 dxc3 16. bxc3 Rdg8 17. d4 g5 18. hxg5 hxg5 19. Be3 c4 20. a4 bxa4 21. Rxa4
Nb6 22. Ra2 Na7 23. Ng4 Nb5 24. Qd2 Rh5 25. Rc1 Nd5 26. Ra4 Rgh8 27. Rc2 Qc6
28. Qe2 Nb6 29. Ra1 Qe4 30. Nf6 Bxf6 31. exf6 g4 0-1

[Event "España ch Sub-16 2008"]
[Site "Padron ESP"]
[Date "2008.07.24"]
[Round "8.53"]
[White "Alsina Lopez, Adolfo"]
[Black "Escudeiro Tilve, Ramon"]
[Result "0-1"]
[WhiteElo "1599"]
[BlackElo "1925"]
[PlyCount "54"]
[EventDate "2008.07.20"]
[EventType "swiss"]
[EventRounds "9"]
[EventCountry "ESP"]
[Source "lmi"]
[SourceDate "2008.07.20"]

1. d4 d6 2. c4 e5 3. dxe5 dxe5 4. Qxd8+ Kxd8 5. Nf3 f6 6. Nc3 Be6 7. e4 c6 8.
b3 Nh6 9. h3 Kc7 10. g4 Nf7 11. Bg2 a5 12. Ke2 Na6 13. Ne1 h5 14. gxh5 Rxh5 15.
f4 Bb4 16. Bd2 exf4 17. Bxf4+ Ne5 18. Rc1 Nc5 19. Nf3 Rah8 20. Nxe5 fxe5 21.
Bh2 Rg5 22. Rhg1 Bg4+ 23. Bf3 Bxf3+ 24. Kxf3 Rxh3+ 25. Rg3 Rgxg3+ 26. Bxg3 Bxc3
27. Rxc3 Rxg3+ 0-1

[Event "España ch Sub-16 2008"]
[Site "Padron ESP"]
[Date "2008.07.24"]
[Round "8.54"]
[White "Perez Castellano, Yaiza"]
[Black "Castillo Sanjuan, Alejandro"]
[Result "0-1"]
[WhiteElo "1569"]
[BlackElo "1915"]
[PlyCount "80"]
[EventDate "2008.07.20"]
[EventType "swiss"]
[EventRounds "9"]
[EventCountry "ESP"]
[Source "lmi"]
[SourceDate "2008.07.20"]

1. e4 c5 2. Nf3 d6 3. d4 cxd4 4. Nxd4 Nf6 5. Nc3 a6 6. Be2 e6 7. O-O Be7 8. Be3
O-O 9. Kh1 Nc6 10. f4 Qc7 11. Qe1 b5 12. a3 Bb7 13. Bd3 Rac8 14. Qg3 Kh8 15.
Qh3 Nxd4 16. Bxd4 e5 17. Be3 Qd7 18. f5 d5 19. exd5 Nxd5 20. Nxd5 Bxd5 21. Rad1
Bc6 22. Qh5 f6 23. Be4 Qb7 24. Bxc6 Qxc6 25. Rf3 Qe8 26. Qxe8 Rfxe8 27. c3 Red8
28. Rff1 g6 29. fxg6 hxg6 30. Bb6 Rxd1 31. Rxd1 Rc6 32. Be3 Kg7 33. Kg1 Kf7 34.
Kf2 f5 35. g3 g5 36. Kf3 Ke6 37. h3 a5 38. g4 f4 39. Bf2 Rc4 40. Bb6 Bxa3 0-1

[Event "España ch Sub-16 2008"]
[Site "Padron ESP"]
[Date "2008.07.24"]
[Round "8.55"]
[White "Etxagibel Larranaga, Asier"]
[Black "Reginaldo Vilalta, Albert"]
[Result "1/2-1/2"]
[WhiteElo "1887"]
[BlackElo "1738"]
[PlyCount "47"]
[EventDate "2008.07.20"]
[EventType "swiss"]
[EventRounds "9"]
[EventCountry "ESP"]
[Source "lmi"]
[SourceDate "2008.07.20"]

1. d4 d5 2. Nf3 e6 3. c4 c6 4. g3 Bd6 5. Bg2 f5 6. O-O Nf6 7. Nbd2 Nbd7 8. b3
O-O 9. Bb2 Ne4 10. Ne5 Qg5 11. f4 Qe7 12. Ndf3 Ndf6 13. c5 Bc7 14. e3 Bd7 15.
b4 Be8 16. Qd3 Bh5 17. a4 Bxe5 18. Nxe5 Ng4 19. Nf3 Be8 20. Rfb1 a6 21. Qb3 Rf6
22. Bc1 Rh6 23. Ra2 Qf7 24. Bd2 1/2-1/2

[Event "España ch Sub-16 2008"]
[Site "Padron ESP"]
[Date "2008.07.24"]
[Round "8.57"]
[White "Portela Gonzalez, Adrian"]
[Black "Fernandez Arroyo, Cesar"]
[Result "1/2-1/2"]
[WhiteElo "1858"]
[BlackElo "1685"]
[PlyCount "42"]
[EventDate "2008.07.20"]
[EventType "swiss"]
[EventRounds "9"]
[EventCountry "ESP"]
[Source "lmi"]
[SourceDate "2008.07.20"]

1. e4 e6 2. d4 d5 3. Nc3 dxe4 4. Nxe4 Bd7 5. Nf3 Bc6 6. Bd3 Nd7 7. Bf4 Ngf6 8.
Nxf6+ Nxf6 9. c3 Bd6 10. Bxd6 cxd6 11. Qe2 Nd5 12. Qd2 Qf6 13. Be4 Rc8 14. Qg5
Qxg5 15. Nxg5 h6 16. Nf3 Nf4 17. Bxc6+ Rxc6 18. O-O O-O 19. g3 Nh5 20. Rfe1 Nf6
21. Nd2 Rfc8 1/2-1/2

[Event "España ch Sub-16 2008"]
[Site "Padron ESP"]
[Date "2008.07.24"]
[Round "8.60"]
[White "Rey Malde, Henrique"]
[Black "Garcia Reino, Edardo Javier"]
[Result "0-1"]
[WhiteElo "1568"]
[BlackElo "1915"]
[PlyCount "44"]
[EventDate "2008.07.20"]
[EventType "swiss"]
[EventRounds "9"]
[EventCountry "ESP"]
[Source "lmi"]
[SourceDate "2008.07.20"]

1. e4 c5 2. Nc3 Nc6 3. g3 g6 4. Bg2 Bg7 5. d3 d6 6. Nh3 Rb8 7. O-O e6 8. f4
Nge7 9. Be3 b5 10. Qd2 b4 11. Nd1 Qa5 12. Qf2 Bd4 13. Bxd4 cxd4 14. Qd2 Qc5 15.
Ndf2 f5 16. Rfe1 O-O 17. exf5 exf5 18. Re2 Nd5 19. Bxd5+ Qxd5 20. b3 Bb7 21.
Qe1 Ne5 22. Qf1 Nf3+ 0-1

[Event "España ch Sub-16 2008"]
[Site "Padron ESP"]
[Date "2008.07.24"]
[Round "8.61"]
[White "Garcia Iglesias, Jose Carlos"]
[Black "Bautista Mendez, Jose Antonio"]
[Result "1/2-1/2"]
[WhiteElo "1414"]
[BlackElo "1908"]
[PlyCount "67"]
[EventDate "2008.07.20"]
[EventType "swiss"]
[EventRounds "9"]
[EventCountry "ESP"]
[Source "lmi"]
[SourceDate "2008.07.20"]

1. e4 e6 2. d4 d5 3. e5 c5 4. c3 Nc6 5. Nf3 Qb6 6. a3 a5 7. Bd3 Nh6 8. O-O Nf5
9. Bxf5 exf5 10. Ra2 Be6 11. Be3 c4 12. Ng5 Be7 13. Nd2 Qd8 14. Ndf3 Bd7 15.
Qd2 h6 16. Nh3 g5 17. e6 Bxe6 18. Ne5 Nxe5 19. dxe5 f4 20. Bd4 f3 21. Kh1 fxg2+
22. Kxg2 Bxh3+ 23. Kxh3 Qd7+ 24. Kg3 h5 25. f3 Qf5 26. Kf2 g4 27. Ke2 gxf3+ 28.
Rxf3 Qe4+ 29. Qe3 Qb1 30. e6 Rh7 31. exf7+ Kf8 32. Bc5 Qc2+ 33. Ke1 Qb1+ 34.
Ke2 1/2-1/2

[Event "España ch Sub-16 2008"]
[Site "Padron ESP"]
[Date "2008.07.24"]
[Round "8.63"]
[White "Crespo Ramos, Maria"]
[Black "Silva Rodriguez, Julio"]
[Result "1-0"]
[WhiteElo "1560"]
[BlackElo "1837"]
[PlyCount "67"]
[EventDate "2008.07.20"]
[EventType "swiss"]
[EventRounds "9"]
[EventCountry "ESP"]
[Source "lmi"]
[SourceDate "2008.07.20"]

1. e4 d5 2. exd5 Nf6 3. Nf3 Nxd5 4. d4 Bg4 5. Be2 e6 6. O-O Nc6 7. h3 Bh5 8.
Ne5 Bxe2 9. Qxe2 Nxd4 10. Qe4 Nc6 11. Nxc6 bxc6 12. Rd1 Bd6 13. c4 Ne7 14. Bf4
Qb8 15. Bxd6 cxd6 16. Qd4 Nf5 17. Qe4 O-O 18. Rd2 d5 19. Qf3 Ne7 20. cxd5 cxd5
21. Nc3 Qd6 22. a3 Rab8 23. Qd3 Rb3 24. Qe2 Rfb8 25. Rc1 h6 26. Rcc2 Nc6 27.
Ne4 Qc7 28. Nc5 R3b6 29. Na6 Rxa6 30. Qxa6 Rb6 31. Qd3 Qd7 32. Rc1 Na5 33. Rdc2
Rb7 34. Rc8+ 1-0

[Event "España ch Sub-16 2008"]
[Site "Padron ESP"]
[Date "2008.07.24"]
[Round "8.71"]
[White "Montans Lopez, Adrian"]
[Black "Garcia Gutierrez, Isabel"]
[Result "0-1"]
[WhiteElo "1357"]
[BlackElo "1634"]
[PlyCount "62"]
[EventDate "2008.07.20"]
[EventType "swiss"]
[EventRounds "9"]
[EventCountry "ESP"]
[Source "lmi"]
[SourceDate "2008.07.20"]

1. d4 d5 2. c4 e6 3. Nc3 Nf6 4. Bg5 Be7 5. e3 Nbd7 6. Nf3 h6 7. Bh4 b6 8. cxd5
Nxd5 9. Bxe7 Qxe7 10. Nxd5 exd5 11. Bb5 Qb4+ 12. Qd2 Qxb5 13. a4 Qa5 14. b4 Qa6
15. b5 Qb7 16. O-O Nf6 17. Ne5 Bd7 18. Rfc1 a6 19. bxa6 Rxa6 20. a5 Rxa5 21.
Rxa5 bxa5 22. Qxa5 O-O 23. Qxc7 Rc8 24. Qxc8+ Bxc8 25. h3 Bf5 26. g4 Qb2 27.
Rf1 Bg6 28. Nxg6 fxg6 29. Kg2 Ne4 30. Kg1 Qe2 31. Kg2 Nd2 0-1